Statistics for Most Famous People by First Name #8

Click here to take the quiz!

General Stats

  • This quiz has been taken 39 times
    (23 since last reset)
  • The average score is 12 of 60

Answer Stats

Answer% Correct
Carter
72%
Damon
67%
Hemingway
67%
of Arc
67%
I
61%
I
61%
II
61%
II
61%
Spielberg
56%
McKellen
50%
Oldman
44%
Brown
39%
Monet
39%
of Belgium
39%
Warhol
39%
Chekhov
33%
Fleming
33%
Hesse
33%
Agüero
28%
Murray
28%
Göring
22%
Seagal
22%
LeBlanc
17%
of Myra
17%
Page
17%
Cooper
11%
Debussy
11%
Groening
11%
Kesey
11%
Ramos
11%
Collodi
6%
Gerrard
6%
McShane
6%
Rimsky-Korsakov
6%
Rutherford
6%
Serkis
6%
Wales
6%
Azeglio Ciampi
0%
Bruckner
0%
Castellaneta
0%
Coutinho
0%
Fuster
0%
Gogol
0%
Granqvist
0%
Lawrence
0%
Lineker
0%
Lobachevsky
0%
Mattarella
0%
Miró
0%
Papandreou
0%
Pétain
0%
Quayle
0%
Rubbia
0%
Simon
0%
Thompson
0%
Verus
0%
Vesalius
0%
von Helmholtz
0%
Watanabe
0%
Yelchin
0%

Score Distribution

Percentile by Number Answered

Percent of People with Each Score

Your Score History

You have not taken this quiz since the last reset